| 000 | 00563nam a2200229Ia 4500 | ||
|---|---|---|---|
| 003 | OSt | ||
| 005 | 20250707130805.0 | ||
| 008 | 210210b1996 xxu||||| |||| 00| 0 eng d | ||
| 020 | _a0706982207 | ||
| 040 | _cAL | ||
| 041 | _aEnglish | ||
| 082 | _a576.64 BISI | ||
| 100 |
_aBiswas S B _978037 |
||
| 245 | _aIntroduction to Viruses Rev Ed 4 | ||
| 250 | _a4 | ||
| 260 |
_aNew Delhi _bVikas Publishing House Pvt., Ltd. _c1996 |
||
| 300 | _axvi,360p | ||
| 690 |
_aMicrobiology _978038 |
||
| 700 |
_aAmita Biswas _978039 |
||
| 906 | _a051650 | ||
| 942 |
_2ddc _cBK |
||
| 999 |
_c99837 _d99837 |
||